000 00531nam a2200169Ia 4500
003 GCL
008 140319s9999 xx 000 0 ara d
040 _aGCL /
_cGCL
082 0 4 _a242
_bم ا
100 1 _aمحمد متولى الشعراوى
245 1 0 _aالاسراء والمعراج /
_cمحمد متولى الشعراوى
260 _a[S.N] :
_bمكتبة التراث الاسلامى ،
_c1990
490 _a
650 0 4 _aالسيرة النبوية
650 0 4 _aالاسراء والمعراج
942 _2ddc
_cBK
999 _c53770
_d53770